| 000 | 00390nam a2200133 a 4500 | ||
|---|---|---|---|
| 005 | 20140414131857.0 | ||
| 008 | 100827s19uu xx 00 eng d | ||
| 050 |
_aFIL 621.3 _bR53 2007 |
||
| 100 | _aJimenez, Gidget Roceles | ||
| 245 |
_aCan we plug into lightning : _bA book about electricity. |
||
| 260 |
_aManila, Philippines : _bAdarna, _c2007. |
||
| 650 | _aEletricity | ||
| 999 |
_c110489 _d110489 |
||